00284nam a2200109Ia 4500008004100000041001200041100001900053245007300072260000600145650000600151700001700157221030s9999 xx 000 0 und d aEnglish aChris H Pappas 4aThe Complete Reference Visual C++ 6cby Chris H Pappas, Murray, w. h c0 aB aMurray, w. h